| 000 | 00366nam a2200145Ia 4500 | ||
|---|---|---|---|
| 003 | OSt | ||
| 005 | 20240123110903.0 | ||
| 008 | 170523s9999 xx 000 0 und d | ||
| 020 | _a8170188865 | ||
| 040 | _ciimt university meerut | ||
| 100 | _aSODHI- JJ | ||
| 245 | 0 | _aINDUSTRIAL RELATIONS AND HUMAN RESOURCE MANAGEMENT | |
| 260 | _bDELHI SULTAN CHAND | ||
| 942 |
_2ddc _c02 |
||
| 999 |
_c54 _d54 |
||